| 000 | 01683nam a2200337 a 4500 | ||
|---|---|---|---|
| 999 |
_c142298 _d142298 |
||
| 003 | BLK | ||
| 005 | 20240316114142.0 | ||
| 008 | 180409b bul|||||r ||||||| ||bul|| | ||
| 010 | _aKNG00148386000 | ||
| 040 | _aBLK | ||
| 041 |
_aBUL _cBUL |
||
| 080 |
_aБългарска литература _b821.163.2 _x-93-1 _z821.163.2-93-1 |
||
| 139 |
_aПъстроцветки _bП 97 |
||
| 245 | 1 | 0 |
_aПъстроцветки _bСб. стихотворения за най-малките _cхудож. Галя Георгиева; * Владимир Рангелов Коларов; * Спас Алексиев Антонов; * Ботьо Буков. |
| 257 | _aBGR | ||
| 260 |
_bНар. младеж _c1985 _fСофия : ДП Г. Димитров _aСофия |
||
| 300 |
_a71 с. _bс ил. _c20 см |
||
| 380 | _aDX | ||
| 500 | _aСъдържа и за авт. - 40 150 тир. - Съдържа : Първа китка / Владимир Коларов. Дядовият самолет / Спас Антонов. Въпрос на вкус / Ботьо Буков. | ||
| 700 | 1 |
_aГеоргиева, Галя _eхудож. _9377726 |
|
| 700 | 1 |
_aКоларов, Владимир Рангелов _e* _9327594 |
|
| 700 | 1 |
_aАнтонов, Спас Алексиев _e* _9379607 |
|
| 700 | 1 |
_aБуков, Ботьо _e* _9379608 |
|
| 852 | _aЦб 262011 | ||
| 856 | 4 |
_qpdf _i0.00 _ldisable |
|
| 856 | 4 |
_qpdf _i0.00 _ldisable |
|
| 942 |
_cKNG _n0 _s1 _01 |
||
| 944 |
_aCR _c03.08.2013 _lМира Стойчева _k30532 |
||
| 944 |
_aED _c19.09.2017 _l03.08.2013 - от С1,Р / 03.08.2013 _kНаталия_Любомирова |
||
| 999 | _d142298 | ||